000 00440nab a2200145Ia 4500
003 ES-SlBCS
005 20210605135033.0
008 140529s1988 xxu||||| |||| 00| 0 spa d
041 _aspa
100 1 _aMalpartida, Juan
_9124775
245 0 0 _aEnrique Molina o el lenguaje de la pasión
_c Juan Malpartida
600 1 4 _aMolina, Enrique
_93062
773 0 _tCuadernos Hispanoamericanos
_gnº. 459, 1988, págs. 107-112
_wRev1135
942 _cAR
999 _c642739
_d642739